Pokémon Names with Punctuation - Statistics

General Stats
  • This quiz has been taken 15 times
  • The average score is 9 of 15
Answer Stats
Pokémon Name % Correct
Farfetch'd
100%
Sirfetch'd
83%
Mime Jr.
75%
Mr. Mime
75%
Mr. Rime
75%
Ho-Oh
67%
Porygon-Z
58%
Type: Null
58%
Chien-Pao
50%
Chi-Yu
50%
Ting-Lu
50%
Wo-Chien
50%
Hakamo-o
42%
Kommo-o
42%
Jangmo-o
33%
No matching quizzes found
Score Distribution
Percent of People with Each Score
Percentile by Number Answered
Your Score History
You have not taken this quiz